Valtiot A-Ö, joiden nimissä on A-Ö - Statistics

Yleistilastot
  • Tätä visaa on pelattu 1 200 kertaa
  • Keskiarvotulos 286 / 354
Vastaustilastot
alkukirjain sisältää # mahdollisuuksia esimerkki vastaus % Oikein
A A 11 Afganistan
99%
A I 8 Afganistan
98%
A N 9 Afganistan
98%
B B 16 Bahama
98%
A L 5 Alankomaat
97%
A R 7 Algeria
97%
B A 12 Bahama
97%
B I 11 Bahrain
97%
B E 6 Bangladesh
96%
E A 9 Ecuador
96%
E E 10 Ecuador
96%
K A 17 Kambodža
96%
K K 20 Kambodža
96%
L L 9 Laos
96%
S I 19 Saint Kitts ja Nevis
96%
S S 24 Saint Kitts ja Nevis
96%
A D 3 Andorra
95%
A T 5 Afganistan
95%
B L 6 Bangladesh
95%
B N 9 Bahrain
95%
I A 9 Indonesia
95%
I I 10 Indonesia
95%
J J 4 Jamaika
95%
M A 16 Madagaskar
95%
M M 18 Madagaskar
95%
P P 11 Pakistan
95%
S A 21 Saint Kitts ja Nevis
95%
S M 8 Salomonsaaret
95%
A B 3 Albania
94%
A E 4 Algeria
94%
A G 5 Afganistan
94%
B R 8 Bahrain
94%
E T 7 Egypti
94%
G A 9 Gabon
94%
G G 9 Gabon
94%
K I 11 Kenia
94%
K N 8 Kamerun
94%
L A 6 Laos
94%
N A 7 Namibia
94%
N N 8 Namibia
94%
P A 10 Pakistan
94%
R R 4 Ranska
94%
S O 10 Salomonsaaret
94%
S U 5 Saint Lucia
94%
T A 11 Tadžikistan
94%
T T 14 Tadžikistan
94%
B S 6 Bangladesh
93%
E I 5 Egypti
93%
I N 5 Indonesia
93%
J A 3 Jamaika
93%
J I 3 Jamaika
93%
J N 3 Japani
93%
N R 6 Nauru
93%
P U 7 Palau
93%
T N 8 Tadžikistan
93%
V N 6 Valko-Venäjä
93%
V V 7 Valko-Venäjä
93%
B H 5 Bahama
92%
E R 5 Ecuador
92%
K R 10 Kamerun
92%
L I 6 Latvia
92%
M I 11 Malawi
92%
M O 8 Marokko
92%
P I 6 Pakistan
92%
T S 7 Tadžikistan
92%
U A 6 Uganda
92%
U N 5 Uganda
92%
U U 6 Uganda
92%
A O 3 Alankomaat
91%
B O 5 Barbados
91%
C C 2 Chile
91%
C I 2 Chile
91%
E O 4 Ecuador
91%
H A 2 Haiti
91%
H H 2 Haiti
91%
I T 6 Intia
91%
K E 6 Kamerun
91%
L E 5 Lesotho
91%
L S 3 Laos
91%
M L 8 Malawi
91%
M N 7 Marshallinsaaret
91%
M R 8 Madagaskar
91%
R U 2 Ruanda
91%
T I 9 Tadžikistan
91%
U I 4 Ukraina
91%
V A 5 Valko-Venäjä
91%
V E 4 Valko-Venäjä
91%
Y A 3 Yhdistyneet arabiemiirikunnat
91%
Y D 3 Yhdistyneet arabiemiirikunnat
91%
Y H 3 Yhdistyneet arabiemiirikunnat
91%
Y S 3 Yhdistyneet arabiemiirikunnat
91%
Y T 3 Yhdistyneet arabiemiirikunnat
91%
Y Y 3 Yhdistyneet arabiemiirikunnat
91%
B G 4 Bangladesh
90%
G N 6 Gabon
90%
I S 2 Indonesia
90%
K O 8 Kambodža
90%
K S 7 Kazakstan
90%
K T 8 Kazakstan
90%
L T 4 Latvia
90%
P E 5 Papua-Uusi-Guinea
90%
P N 5 Pakistan
90%
R A 3 Ranska
90%
R N 3 Ranska
90%
S E 12 Saint Kitts ja Nevis
90%
S L 9 Saint Lucia
90%
S N 13 Saint Kitts ja Nevis
90%
S R 11 Saint Vincent ja Grenadiinit
90%
T K 5 Tadžikistan
90%
A S 2 Afganistan
89%
D D 3 Djibouti
89%
D I 3 Djibouti
89%
D O 3 Djibouti
89%
I R 5 Irak
89%
J M 2 Jamaika
89%
K D 4 Kambodža
89%
L B 4 Libanon
89%
M E 6 Malediivit
89%
M S 7 Madagaskar
89%
O A 1 Oman
89%
O M 1 Oman
89%
O N 1 Oman
89%
O O 1 Oman
89%
P G 4 Papua-Uusi-Guinea
89%
P R 4 Paraguay
89%
P S 5 Pakistan
89%
U E 2 Uusi-Seelanti
89%
U K 3 Ukraina
89%
U S 2 Uusi-Seelanti
89%
U T 2 Uusi-Seelanti
89%
E P 3 Egypti
88%
E S 4 El Salvador
88%
G E 5 Georgia
88%
I L 5 Irlanti
88%
K M 5 Kambodža
88%
M K 5 Madagaskar
88%
M T 6 Malediivit
88%
N I 5 Namibia
88%
P O 4 Pohjois-Korea
88%
Q A 1 Qatar
88%
Q Q 1 Qatar
88%
Q R 1 Qatar
88%
Q T 1 Qatar
88%
T U 4 Tunisia
88%
Y L 1 Yhdysvallat
88%
Y V 1 Yhdysvallat
88%
A M 2 Alankomaat
87%
B U 5 Bhutan
87%
R S 2 Ranska
87%
V L 3 Valko-Venäjä
87%
Z A 1 Zimbabwe
87%
Z B 1 Zimbabwe
87%
Z E 1 Zimbabwe
87%
Z I 1 Zimbabwe
87%
Z M 1 Zimbabwe
87%
Z W 1 Zimbabwe
87%
Z Z 1 Zimbabwe
87%
A U 2 Antigua ja Barbuda
86%
B T 3 Bhutan
86%
E L 4 El Salvador
86%
P T 3 Pakistan
86%
R I 2 Romania
86%
R O 2 Romania
86%
S K 4 Saint Kitts ja Nevis
86%
V O 3 Valko-Venäjä
86%
A F 1 Afganistan
85%
D T 2 Djibouti
85%
E N 3 Espanja
85%
G I 4 Gambia
85%
K B 4 Kambodža
85%
L O 3 Laos
85%
N O 2 Norja
85%
P K 3 Pakistan
85%
S B 3 Sambia
85%
S T 7 Saint Kitts ja Nevis
85%
V I 3 Vatikaanivaltio
85%
A Z 1 Azerbaidžan
84%
E Ä 3 Etelä-Afrikka
84%
I O 2 Indonesia
84%
K U 4 Kamerun
84%
K V 5 Kap Verde
84%
L U 2 Liettua
84%
T R 3 Trinidad ja Tobago
84%
E D 3 Ecuador
83%
H I 1 Haiti
83%
H T 1 Haiti
83%
I E 2 Indonesia
83%
N E 3 Nepal
83%
N U 3 Nauru
83%
P L 3 Palau
83%
U B 1 Uzbekistan
83%
U R 3 Ukraina
83%
U Z 1 Uzbekistan
83%
V T 3 Vanuatu
83%
D A 2 Dominica
82%
D C 1 Dominica
82%
D M 2 Dominica
82%
D N 2 Dominica
82%
E K 2 Etelä-Afrikka
82%
F F 2 Fidži
82%
F I 2 Fidži
82%
G B 3 Gabon
82%
J E 1 Jemen
82%
L N 2 Libanon
82%
M D 3 Madagaskar
82%
N L 2 Nepal
82%
P J 3 Pohjois-Korea
82%
T D 3 Tadžikistan
82%
C E 1 Chile
81%
C H 1 Chile
81%
C L 1 Chile
81%
E U 2 Ecuador
81%
K L 4 Keski-Afrikan tasavalta
81%
M G 3 Madagaskar
81%
N G 3 Nicaragua
81%
S D 3 Saint Vincent ja Grenadiinit
81%
V J 2 Valko-Venäjä
81%
V K 2 Valko-Venäjä
81%
V Ä 2 Valko-Venäjä
81%
Y I 2 Yhdistyneet arabiemiirikunnat
81%
Y K 2 Yhdistyneet arabiemiirikunnat
81%
Y N 2 Yhdistyneet arabiemiirikunnat
81%
Y U 2 Yhdistyneet arabiemiirikunnat
81%
B D 3 Bangladesh
80%
G M 2 Gambia
80%
G U 4 Guatemala
80%
H D 1 Honduras
80%
H N 1 Honduras
80%
H O 1 Honduras
80%
H R 1 Honduras
80%
H S 1 Honduras
80%
H U 1 Honduras
80%
J P 1 Japani
80%
K G 3 Kirgisia
80%
R T 1 Ruotsi
80%
U G 2 Uganda
80%
G O 2 Gabon
79%
G R 2 Georgia
79%
L H 2 Lesotho
79%
L R 2 Liberia
79%
V U 2 Vanuatu
79%
T G 3 Togo
78%
T O 3 Togo
78%
Y G 1 Yhdistynyt kuningaskunta
78%
B V 2 Bolivia
77%
I Ä 2 Itä-Timor
77%
N J 1 Norja
77%
F D 1 Fidži
76%
F Z 1 Fidži
76%
D B 1 Djibouti
75%
D J 1 Djibouti
75%
D U 1 Djibouti
75%
G H 1 Ghana
75%
I D 1 Indonesia
75%
R D 1 Ruanda
75%
S C 4 Saint Lucia
75%
A K 1 Alankomaat
74%
D E 1 Dominikaaninen tasavalta
74%
D K 1 Dominikaaninen tasavalta
74%
D L 1 Dominikaaninen tasavalta
74%
D S 1 Dominikaaninen tasavalta
74%
D V 1 Dominikaaninen tasavalta
74%
E C 1 Ecuador
74%
K Z 2 Kambodža
74%
N B 1 Namibia
74%
N M 1 Namibia
74%
P M 2 Panama
74%
S V 5 Saint Kitts ja Nevis
74%
J D 1 Jordania
73%
J O 1 Jordania
73%
J R 1 Jordania
73%
C A 1 Costa Rica
72%
C O 1 Costa Rica
72%
C R 1 Costa Rica
72%
C S 1 Costa Rica
72%
C T 1 Costa Rica
72%
E F 1 Etelä-Afrikka
72%
S G 3 Saint Vincent ja Grenadiinit
72%
T M 2 Thaimaa
72%
F L 1 Filippiinit
71%
F N 1 Filippiinit
71%
F P 1 Filippiinit
71%
F T 1 Filippiinit
71%
P H 2 Pohjois-Korea
71%
S Y 2 Seychellit
71%
V Z 1 Venezuela
71%
L G 1 Luxemburg
70%
L M 1 Luxemburg
70%
L V 1 Latvia
70%
L X 1 Luxemburg
70%
N P 1 Nepal
70%
T L 1 Tuvalu
70%
T V 1 Tuvalu
70%
L C 1 Liechtenstein
69%
R K 1 Ranska
69%
T E 2 Tšekki
69%
E G 1 Egypti
67%
E Y 1 Egypti
67%
J K 1 Jamaika
67%
M V 2 Malediivit
67%
N C 1 Nicaragua
67%
V R 1 Viro
67%
M C 1 Monaco
65%
U L 1 Uusi-Seelanti
65%
U Y 1 Uruguay
65%
A J 1 Antigua ja Barbuda
64%
E J 1 Espanja
64%
S J 3 Saint Kitts ja Nevis
64%
G L 1 Guatemala
63%
G T 1 Guatemala
63%
I K 1 Irak
63%
I M 1 Itä-Timor
63%
I V 1 Itävalta
63%
T Z 1 Tadžikistan
63%
U D 1 Uganda
63%
B F 1 Burkina Faso
61%
B K 1 Burkina Faso
61%
B W 1 Botswana
61%
G D 1 Grenada
61%
K P 2 Kap Verde
61%
L Y 1 Libya
61%
T B 1 Trinidad ja Tobago
61%
T J 1 Trinidad ja Tobago
61%
V M 1 Vietnam
61%
E W 1 Eswatini
60%
M B 1 Mosambik
60%
R M 1 Romania
60%
B Z 1 Belize
59%
P V 1 Päiväntasaajan Guinea
59%
P Ä 1 Päiväntasaajan Guinea
59%
S P 2 São Tomé ja Príncipe
59%
N K 1 Norsunluurannikko
58%
N S 1 Norsunluurannikko
58%
P Y 1 Paraguay
58%
B J 1 Bosnia ja Hertsegovina
57%
B M 1 Bahama
57%
M Y 1 Myanmar
57%
K W 1 Kuwait
56%
M U 2 Mauritania
56%
S H 1 Seychellit
55%
G Y 1 Guyana
52%
P D 1 Pohjois-Makedonia
52%
T H 1 Thaimaa
52%
M H 1 Marshallinsaaret
51%
E V 1 El Salvador
50%
G S 1 Guinea-Bissau
50%
T W 1 Taiwan
49%
M W 1 Malawi
48%
K Y 1 Kypros
45%
K F 1 Keski-Afrikan tasavalta
43%
Y B 1 Yhdistyneet arabiemiirikunnat
34%
Y E 1 Yhdistyneet arabiemiirikunnat
34%
Y M 1 Yhdistyneet arabiemiirikunnat
34%
Y R 1 Yhdistyneet arabiemiirikunnat
34%
Ehtoja vastaavia visoja ei löytynyt
Tulosjakauma
Jokaisen tuloksen saaneiden osuus
Persentiili vastausten määrän mukaan
Tuloshistoriasi
Et ole pelannut tätä visaa